[Event "Bern op"]
[Site "Bern"]
[Date "1989.??.??"]
[Round "?"]
[White "Forgacs, Gyula"]
[Black "Marangunic, Srdjan"]
[Result "1/2-1/2"]
[WhiteElo "2340"]
[BlackElo "2460"]

1.e4 g6 2.d4 Bg7 3.Nc3 d6 4.Be3 c6 5.Qd2 Qc7 6.f3 b5 7.a4 b4 8.Nd1 a5 9.c4 bxc3
10.bxc3 Nf6 11.Bh6 O-O 12.h4 e5 13.h5 d5 14.Bxg7 Kxg7 15.Qg5 h6 16.Qxe5 Qxe5
17.dxe5 Nxh5 18.exd5 cxd5 19.Bb5 Nd7 20.Bxd7 Bxd7 21.Ne2 f5 22.Ne3 f4 23.Nxd5 Rae8
24.Kf2 Rxe5 25.Rhd1 Bc6 26.c4 g5 27.Nd4 Rb8 28.Rab1 Rxb1 29.Rxb1 Bxd5 30.Rb5 Ng3
31.Rxd5 Nh1+ 32.Kf1 Ng3+ 33.Kf2 Nh1+ 34.Kf1  1/2-1/2

[Event "Biel op"]
[Site "Biel"]
[Date "1989.??.??"]
[Round "8"]
[White "Ambroz, Jan"]
[Black "Arapovic, Vitomir"]
[Result "1/2-1/2"]
[WhiteElo "2425"]
[BlackElo "2410"]

1.e4 g6 2.d4 Bg7 3.Nc3 d6 4.Nf3 Nf6 5.Be2 O-O 6.O-O Bg4 7.h3 Bxf3 8.Bxf3 Nc6
9.Ne2 e5 10.c3 Re8 11.Re1  1/2-1/2

[Event "Biel op"]
[Site "Biel"]
[Date "1989.??.??"]
[Round "9"]
[White "Werner, Dimo"]
[Black "Kljako, Damir"]
[Result "1-0"]
[WhiteElo "2390"]
[BlackElo "2300"]

1.e4 d6 2.d4 g6 3.Nc3 Bg7 4.Be3 Nf6 5.h3 c6 6.a4 a5 7.Nf3 O-O 8.Be2 Qc7 9.Qd2 e5
10.dxe5 dxe5 11.Rd1 Nfd7 12.Bc4 Na6 13.h4 h5 14.Ng5 Nf6 15.f3 Nh7 16.g4 Nf6
17.gxh5 Nxh5 18.Rg1 Kh8 19.Qg2 b5 20.axb5 cxb5 21.Bd5 Bb7 22.Nxf7+ Rxf7 23.Qxg6 Bxd5
24.Nxd5 Qb7 25.Qxh5+ Kg8 26.Rxg7+ Kxg7 27.Ke2 Kg8 28.Rg1+ Rg7 29.Nf6+  1-0

[Event "Bled op"]
[Site "Bled"]
[Date "1989.??.??"]
[Round "9"]
[White "Mencinger, Vojko"]
[Black "Nikolic, Stanimir"]
[Result "1-0"]
[WhiteElo "2395"]
[BlackElo "2320"]

1.e4 g6 2.d4 Bg7 3.Nc3 d6 4.f4 c6 5.Nf3 Bg4 6.Be2 Nf6 7.O-O O-O 8.e5 Ne8
9.Ne4 d5 10.Nf2 Bxf3 11.Bxf3 Nc7 12.c3 e6 13.Ng4 Nd7 14.Be3 Qe7 15.Qe1 f5
16.exf6 Nxf6 17.Qh4 Rae8 18.Ne5 Nh5 19.Qxe7 Rxe7 20.Be2 Ne8 21.b3 Nd6 22.Bxh5 gxh5
23.Bc1 Bxe5 24.dxe5 Ne4 25.Ba3 c5 26.c4 b6 27.cxd5 exd5 28.g3 Kf7 29.b4 Ke6
30.bxc5 bxc5 31.Kg2 d4 32.Rfe1 Kd5 33.Rxe4 Kxe4 34.Bxc5 Rfe8 35.Re1+ Kd5
36.Bxe7 Rxe7 37.Kf3 Re6 38.a4 h6 39.a5 a6 40.h3 Re8 41.e6 d3 42.Re5+ Kd4
43.e7 Kc3 44.f5 d2 45.Ke2 Kd4  1-0

[Event "Spring op"]
[Site "Budapest"]
[Date "1989.??.??"]
[Round "?"]
[White "Tompa, Janos"]
[Black "Shishkov, Viktor"]
[Result "1-0"]
[WhiteElo "2395"]
[BlackElo "2255"]

1.e4 d6 2.d4 g6 3.Nc3 Bg7 4.Nf3 Bg4 5.Be2 Nc6 6.Be3 Bxf3 7.Bxf3 e5 8.dxe5 Nxe5
9.Be2 Ne7 10.Qd2 a6 11.f4 N5c6 12.g4 Qd7 13.O-O-O O-O-O 14.Kb1 f5 15.gxf5 gxf5
16.Rhg1 Bf6 17.Nd5 Nxd5 18.exd5 Ne7 19.Qa5 c5 20.dxc6 Nxc6 21.Qd5 Rhe8 22.Bd3 Ne7
23.Qb3 Nc6 24.Bb6 d5 25.Bxd8 Rxd8 26.c3  1-0

[Event "Noviki-A"]
[Site "Budapest"]
[Date "1989.??.??"]
[Round "?"]
[White "Mikhalchishin, Adrian"]
[Black "Kosten, Anthony C"]
[Result "1/2-1/2"]
[WhiteElo "2475"]
[BlackElo "2500"]

1.d4 d6 2.e4 g6 3.Nc3 Bg7 4.f4 Nf6 5.Nf3 O-O 6.Be3 b6 7.e5 Ng4 8.Bg1 c5 9.d5 Nh6
10.h3 Nf5 11.Bf2 Nd7 12.g4 Nd4 13.Nxd4 cxd4 14.Qxd4 dxe5 15.fxe5 Nxe5 16.Qe3 f5
17.Bg3 Qd6 18.gxf5 Rxf5 19.O-O-O Bd7 20.Be2 Rc8 21.Kb1 Qb4 22.a3 Qa5 23.Be1 Qc5
24.Qxc5 Rxc5 25.Bh4 Rf7 26.Ne4 Rc8 27.Ng5 Bf5 28.Rd2 Rff8 29.Ba6 h6 30.Ne6 Nf3
31.Re2 Nxh4 32.Bxc8 Rxc8 33.Nxg7 Kxg7 34.Rxe7+ Kf6 35.Rxa7 Rxc2 36.Ka1 Rd2
37.Ra6 Rxd5 38.Rxb6+ Ke5 39.a4 Nf3 40.Ka2 h5 41.h4 Be4 42.b3 Kf4 43.Ka3 Kg3
44.Re6 Bf5 45.Re3 Kg4 46.b4 Nd2 47.Rc1 Kf4 48.Re7 Rd3+ 49.Ka2 Be4 50.Rc5 Bd5+
51.Kb2 Ne4 52.Rxd5 Rxd5 53.a5 Rd2+ 54.Kb3 Rd3+ 55.Kb2 Nd6 56.Kc2 Ra3 57.Re6 Nf5
58.Rxg6 Nd4+ 59.Kd2 Rb3 60.Rh6 Kg4 61.Rb6 Kxh4 62.a6 Kg3 63.Rb8 Ra3 64.b5 h4
65.b6 Rxa6 66.b7 Nf3+ 67.Kc1 Rc6+ 68.Kd1 Rd6+  1/2-1/2

[Event "Caorle op"]
[Site "Caorle"]
[Date "1989.??.??"]
[Round "1"]
[White "Pastres, Roberto"]
[Black "De Gregorio, Massimiliano"]
[Result "0-1"]
[WhiteElo "2025"]
[BlackElo "1900"]

1.e4 g6 2.d4 Bg7 3.Nc3 d6 4.Be2 Nf6 5.f4 O-O 6.Nf3 c5 7.dxc5 dxc5 8.O-O Qb6
9.Kh1 Rd8 10.Qe1 Nc6 11.Qh4 Nb4 12.Bc4 Be6 13.Bxe6 Qxe6 14.f5 gxf5 15.Bh6 Bxh6
16.Qxh6 Nxe4 17.Nxe4 Qxh6  0-1

[Event "Cappelle op"]
[Site "Cappelle"]
[Date "1989.??.??"]
[Round "?"]
[White "Berthelot, Yannick"]
[Black "Dunnington, Angus J"]
[Result "0-1"]
[WhiteElo "2330"]
[BlackElo "2280"]

1.e4 g6 2.d4 Bg7 3.Nc3 d6 4.f4 c6 5.Nf3 Qb6 6.h3 Nd7 7.a4 a5 8.e5 d5 9.Bd3 Nf8
10.Rb1 h5 11.Be3 Nh6 12.g3 Bf5 13.Kf1 e6 14.Kg2 Nd7 15.Ng5 Bf8 16.Be2 f6
17.exf6 Nxf6 18.Bf3 Bg7 19.Rg1 Rd8 20.Kf1 Ke7 21.g4 hxg4 22.hxg4 Be4 23.Be2 Nf7
24.Nxf7 Kxf7 25.g5 Ne8 26.Bf3 Rh3 27.Bxe4 dxe4 28.Qe2 Nd6 29.Kg2 Rdh8 30.Rh1 Rxh1
31.Rxh1 Rxh1 32.Kxh1 Qxb2 33.Nd1 Qa2 34.Nf2 Qxa4 35.Ng4 Nf5 36.Ne5+ Bxe5  0-1

[Event "Chanac op"]
[Site "Chanac"]
[Date "1989.??.??"]
[Round "?"]
[White "Ladisic, Alex Sacha"]
[Black "Dussol, Pierre"]
[Result "0-1"]
[WhiteElo "2240"]
[BlackElo "2240"]

1.e4 g6 2.d4 Bg7 3.Nc3 d6 4.Be3 Nf6 5.Qd2 Ng4 6.Bf4 h6 7.Nf3 Nc6 8.h3 e5
9.dxe5 Ngxe5 10.Nxe5 Nxe5 11.O-O-O Be6 12.Nd5 c6 13.Ne3 Qf6 14.Bg3 O-O 15.Kb1 Ng4
16.c3 Nxe3 17.Qxe3 Rad8 18.Bd3 b5 19.Rhe1 Rfe8 20.Ka1 Qe7 21.Bc2 a5 22.Qd2 b4
23.cxb4 axb4 24.Bxd6 Qa7 25.Bb1 Rxd6 26.Qxd6 Bxa2 27.Qd7 Bxb2+ 28.Kxb2 Qa3+  0-1

[Event "US op"]
[Site "Chicago"]
[Date "1989.??.??"]
[Round "8"]
[White "Shipman, Walter"]
[Black "Salman, Nachum"]
[Result "0-1"]
[WhiteElo "2330"]
[BlackElo "2370"]

1.d4 g6 2.e4 Bg7 3.Nc3 d6 4.Nge2 Nf6 5.g3 O-O 6.Bg2 e5 7.h3 exd4 8.Nxd4 Nbd7
9.O-O Re8 10.Re1 Nc5 11.a4 a5 12.Ndb5 Bd7 13.Bf4 Nh5 14.Bd2 Bc6 15.g4 Nf6
16.f3 Nfd7 17.Be3 Bxb5 18.axb5 Nb6 19.Bf1 Qh4 20.Bf2 Qf6 21.Rb1 Qf4 22.Bg2 Be5
23.Ne2 Qh6 24.Qc1 Qxc1 25.Nxc1 Nc4 26.Nd3 Nxd3 27.cxd3 Nb6 28.Rec1 Re7 29.Be3 a4
30.d4 Bg7 31.Kf2 d5 32.e5 Nc4 33.f4 c6 34.bxc6 bxc6 35.Rxc4 dxc4 36.Bxc6 Rb8
37.Bxa4 Ra7 38.Bc6 Ra2 39.Kf3 c3 40.b4 Bf8 41.b5 c2 42.Rb3 Ra3 43.Rxa3 Bxa3
44.d5 c1=Q 45.Bxc1 Bxc1 46.f5 gxf5 47.gxf5 f6 48.Ke4 Kf7 49.d6 fxe5 50.Kxe5 Bb2+
51.Kd5 Ba3 52.Ke5 Bb2+ 53.Kd5 Rd8 54.d7 Kf6 55.Ke4 h6 56.b6 Be5 57.b7 Bc7
58.Bb5 Rf8 59.Bc4 Rb8 60.Bd5 Ke7 61.Kd4 Kd6 62.Kc4 Rd8 63.f6 Rxd7 64.f7 Rd8
65.Kd4 Ke7 66.Ke4 Kf6 67.Kf3 Kg5 68.Be6 Kf6 69.Bd5 Kg7 70.Ke4 Bb8 71.Be6 Rd2
72.Bd5 Rh2 73.Be6 Re2+  0-1

[Event "US op"]
[Site "Chicago"]
[Date "1989.??.??"]
[Round "9"]
[White "Rizzitano, James"]
[Black "Salman, Nachum"]
[Result "0-1"]
[WhiteElo "2420"]
[BlackElo "2370"]

1.d4 g6 2.e4 Bg7 3.Nc3 d6 4.Bc4 Nf6 5.Qe2 c6 6.e5 dxe5 7.dxe5 Nd5 8.Bd2 Be6
9.O-O-O Qc7 10.f4 Nd7 11.Nf3 O-O 12.Ng5 Nxc3 13.Bxc3 Bxc4 14.Qxc4 b5 15.Qe2 Nb6
16.h4 Rfd8 17.Rxd8+ Rxd8 18.h5 Na4 19.hxg6 hxg6 20.Bd2 Qd7 21.Ba5 Qd4 22.Bxd8 Qxb2+
23.Kd2 Qc3+ 24.Kd1 Nb2+ 25.Kc1 Nc4  0-1

[Event "Copenhagen op"]
[Site "Copenhagen"]
[Date "1989.??.??"]
[Round "1"]
[White "Franzen, Jozef"]
[Black "Karlsson, Lars"]
[Result "1/2-1/2"]
[WhiteElo "2345"]
[BlackElo "2515"]

1.e4 d6 2.d4 g6 3.Nc3 Bg7 4.f4 a6 5.Nf3 b5 6.a3 Bb7 7.Bd3 Nd7 8.O-O c5 9.dxc5 Nxc5
10.Qe1 Nf6 11.Kh1 O-O 12.f5 a5 13.fxg6 fxg6 14.Bxb5 Ncxe4 15.Bc4+ Kh8 16.Nxe4 Nxe4
17.Qh4 e5 18.Bg5 Bf6 19.Bxf6+ Qxf6 20.Qxf6+ Rxf6 21.Kg1 g5 22.Rad1 Rc8 23.Bb3 Rcf8
24.Bd5 Bxd5 25.Rxd5 g4 26.Nd2 Rxf1+ 27.Nxf1 Rb8 28.b3 a4 29.Nd2 Nxd2 30.Rxd2 axb3
31.cxb3 Rxb3 32.Rxd6 Rxa3 33.Re6 Re3 34.Re7 Re4 35.Kf2 Kg8 36.Kg3 h6 37.Kh4 Re2
38.Kg3 Re4  1/2-1/2

[Event "Copenhagen op"]
[Site "Copenhagen"]
[Date "1989.??.??"]
[Round "2"]
[White "Veroci, Zsuzsa"]
[Black "Adamski, Andrzej"]
[Result "1/2-1/2"]
[WhiteElo "2335"]
[BlackElo "2245"]

1.e4 g6 2.d4 d6 3.Nc3 Bg7 4.f4 Nc6 5.d5 Nb8 6.Be3 c6 7.Nf3 Nf6 8.Be2 O-O
9.O-O b5 10.a3 a6 11.dxc6 Nxc6 12.Nd4 Bb7 13.Nxc6 Bxc6 14.Bf3 Qc7 15.Nd5 Bxd5
16.exd5 Nd7 17.c3 Nb6 18.Qe2 Nc4 19.Rad1 Nxe3 20.Qxe3 Qa7 21.Rfe1 Rfc8 22.Qxa7 Rxa7
23.Re4 a5 24.Rd2 Kf8 25.g3 Rc5 26.Kf2 Rb7 27.Be2 f5 28.Re3 Bf6 29.h4 Kg7
30.Bf1 Rcc7 31.Be2 Rb8 32.Bf1 Ra7 33.Be2 h6 34.Rf3 b4 35.axb4 axb4 36.c4 Ra1
37.Rb3 Rc1 38.Kf3 Kf7 39.Bd3 Rh1 40.Kg2 Rc1 41.Be2 h5 42.Bd3 Kg7 43.Be2 Rb7
44.Kf3 Kf8 45.Kg2 Ke8 46.Kf3 Kd8 47.Ke3 Rh1 48.Rd1 Rh3 49.Kf2 Rh2+ 50.Ke3 Ke8
51.Ra1 Kf7 52.Ra4 Rg2 53.Kf3 Rh2 54.Ke3  1/2-1/2

[Event "Copenhagen op"]
[Site "Copenhagen"]
[Date "1989.??.??"]
[Round "3"]
[White "Franzen, Jozef"]
[Black "Hoi, Carsten"]
[Result "1/2-1/2"]
[WhiteElo "2345"]
[BlackElo "2460"]

1.e4 d6 2.d4 g6 3.Nc3 Bg7 4.f4 Nf6 5.Nf3 O-O 6.Bd3 Na6 7.O-O c5 8.d5 Bg4
9.h3 Bxf3 10.Rxf3 Nc7 11.a4 e6 12.Bc4 exd5 13.exd5 Re8 14.Qd3 Nd7 15.Bd2 f5
16.Re1 a6  1/2-1/2

[Event "Copenhagen op"]
[Site "Copenhagen"]
[Date "1989.??.??"]
[Round "5"]
[White "Bellin, Robert"]
[Black "Hoi, Carsten"]
[Result "1/2-1/2"]
[WhiteElo "2390"]
[BlackElo "2460"]

1.e4 d6 2.d4 g6 3.Nc3 Bg7 4.Nge2 Nf6 5.g3 O-O 6.Bg2 e5 7.h3 Nc6 8.Be3 exd4
9.Nxd4 Nxd4 10.Bxd4 Bd7 11.O-O Bc6  1/2-1/2

[Event "Copenhagen op"]
[Site "Copenhagen"]
[Date "1989.??.??"]
[Round "9"]
[White "Duriga, Stefan"]
[Black "Hoi, Carsten"]
[Result "0-1"]
[WhiteElo "2295"]
[BlackElo "2460"]

1.d4 d6 2.e4 g6 3.Nc3 Bg7 4.Be3 Nc6 5.Qd2 Nf6 6.f3 e5 7.d5 Nd4 8.Nd1 c6 9.c3 Nb5
10.Bxb5 cxb5 11.Ne2 O-O 12.Nf2 Ne8 13.O-O-O f5 14.g3 Nf6 15.Rhf1 Qc7 16.Kb1 fxe4
17.fxe4 Ng4 18.h3 Nxf2 19.Rxf2 Rxf2 20.Bxf2 Bxh3 21.Ng1 Bg4 22.Rc1 a6 23.b3 Rc8
24.c4 bxc4 25.Rxc4 Qd7 26.Rxc8+ Qxc8 27.Be3 h5 28.Kb2 Bf6 29.a4 Be7 30.Qf2 Qf8
31.Qg2 Kg7 32.Kc2 Bd8 33.Kb2 Ba5 34.Bd2 Bb6 35.Nh3 Bd4+ 36.Ka3 Qc8  0-1

[Event "Copenhagen op"]
[Site "Copenhagen"]
[Date "1989.??.??"]
[Round "10"]
[White "Horvath, Tamas"]
[Black "Kristiansen, Jens"]
[Result "0-1"]
[WhiteElo "2405"]
[BlackElo "2405"]

1.e4 g6 2.d4 Bg7 3.Nc3 d6 4.Nf3 Nf6 5.Bf4 O-O 6.Qd2 Nc6 7.d5 e5 8.dxe6 Bxe6
9.O-O-O Ng4 10.Nd5 Nce5 11.Nd4 c6 12.Bg5 Qd7 13.Nc3 b5 14.h3 b4 15.Nb1 Nf6
16.Bxf6 Bxf6 17.f4 Nc4 18.Bxc4 Bxc4 19.Qxb4 Bxa2 20.Qa4 Bxb1 21.Kxb1 Rfc8
22.Rhe1 Rab8 23.e5 Bg7 24.b3 d5 25.g4 Qc7 26.Qa6 Rb6 27.Qe2 Re8 28.Qd3 Rb4
29.c3 Rb7 30.Kc2 Qb6 31.Rb1 c5 32.Nf3 Qc6 33.Kd2 Reb8 34.Qc2 d4 35.Qe4 Qxe4
36.Rxe4 Rxb3 37.Rc1 Ra3 38.Ne1 Rb2+ 39.Kd3 Rbb3 40.Re2 Rxc3+ 41.Rxc3 Rxc3+
42.Ke4 Rxh3 43.Nf3 h5 44.gxh5 Rxh5 45.Rb2 Bh6 46.Rb8+ Kg7 47.e6 fxe6 48.Rb7+ Kg8
49.Rb8+ Bf8 50.Ng5 a5 51.Rc8 a4 52.Nxe6 Rf5 53.Ra8 a3 54.Rxa3 Bh6 55.Rh3 Bg7
56.Ra3 Bf6 57.Ra7 c4 58.Rc7 d3 59.Rd7 Ra5 60.Nc7 Ra7 61.Ke3 Bd4+ 62.Kxd4 Rxc7
63.Rd8+ Kf7 64.Kc3 Ke6 65.Rg8 Kf5 66.Rf8+ Ke4  0-1

[Event "CUB-ch"]
[Site "?"]
[Date "1989.??.??"]
[Round "4"]
[White "Herrera, Irisberto"]
[Black "Nogueiras, Jesus"]
[Result "1/2-1/2"]
[WhiteElo "2295"]
[BlackElo "2575"]

1.e4 d6 2.d4 g6 3.Nc3 Bg7 4.Nf3 a6 5.a4 Nf6 6.h3 O-O 7.Bc4 Nc6 8.Qe2 e5 9.dxe5 dxe5
10.O-O Nd4 11.Nxd4 exd4 12.Rd1 Nd7 13.Nd5 c6 14.Nf4 Ne5 15.Bb3 Qe7 16.a5 Re8
17.Bd2 Bd7 18.Re1 Rad8 19.Nd3 c5 20.Nxe5 Bxe5 21.Bc4 Bc6 22.Ra3 Kh8 23.Qg4 Bg7
24.f3 Bb5 25.Bxb5 axb5 26.a6 b4 27.Ra2 bxa6 28.Rxa6 d3 29.c3 bxc3 30.bxc3 f5
31.Qf4 Be5 32.Qh6 Qg7 33.Qxg7+ Bxg7 34.Rc6 fxe4 35.fxe4 Rc8 36.Rxc8 Rxc8
37.e5 Re8 38.Re3  1/2-1/2

[Event "CUB-ch"]
[Site "?"]
[Date "1989.??.??"]
[Round "8"]
[White "Velez, Nestor"]
[Black "Andres, Miguel"]
[Result "1/2-1/2"]
[WhiteElo "2330"]
[BlackElo "2380"]

1.e4 g6 2.d4 Bg7 3.Nc3 d6 4.Nf3 Nf6 5.Be2 O-O 6.O-O Bg4 7.h3 Bxf3 8.Bxf3 Nc6
9.Bg5 h6 10.Be3 e5 11.dxe5 dxe5 12.Nd5  1/2-1/2

[Event "Debrecen"]
[Site "Debrecen"]
[Date "1989.??.??"]
[Round "?"]
[White "Kindermann, Stefan"]
[Black "Mohr, Stefan"]
[Result "1-0"]
[WhiteElo "2515"]
[BlackElo "2530"]

1.e4 g6 2.d4 d6 3.Nc3 Bg7 4.f4 Nc6 5.Be3 Nf6 6.Nf3 O-O 7.Be2 a6 8.e5 Ng4
9.Bg1 b5 10.h3 Nh6 11.Bf2 Bb7 12.a3 Na5 13.O-O Rc8 14.b3 c5 15.dxc5 Bxf3
16.Bxf3 dxe5 17.fxe5 Bxe5 18.Qe1 Bg7 19.Rd1 Qe8 20.Nd5 Nc6 21.Nb6 Rc7 22.Bxc6 Qxc6
23.Nd5 e5 24.Nxc7 Qxc7 25.Qd2 Nf5 26.Rfe1 Nd4 27.Bxd4 exd4 28.b4 Be5 29.Qd3 f6
30.a4 Rb8 31.Ra1 Qc6 32.axb5 Rxb5 33.Ra4 Kg7 34.Rea1 a5 35.Rxa5 Rxb4 36.Ra7+ Kg8
37.Re7 Qd5 38.Qf3 Qd8 39.Ra8 Rb1+ 40.Kf2 Bb8 41.Qxf6  1-0

[Event "DEN-chT8990"]
[Site "DEN"]
[Date "1989.??.??"]
[Round "6"]
[White "Moe, Mogens"]
[Black "Nielsen, Poul Erik"]
[Result "1/2-1/2"]
[WhiteElo "2305"]
[BlackElo "2235"]

1.e4 g6 2.d4 Bg7 3.Nc3 d6 4.h4 h5 5.Bc4 c6 6.Qf3 e6 7.d5 exd5 8.exd5 Bg4
9.Qg3 Ne7 10.Bf4 O-O 11.Nge2 b5 12.f3 Nf5 13.Qf2 bxc4 14.fxg4 hxg4 15.O-O-O Qb6
16.Qxb6 axb6 17.a3 c5 18.Ne4 Re8 19.N2c3 Be5 20.Bxe5 Rxe5 21.Nf6+ Kg7 22.Nxg4 Re7
23.h5 Nd7 24.Rh3 Nd4 25.Rdh1 Nf8 26.h6+ Kh8 27.Kd2 b5 28.Nf6 Nh7 29.Nxh7 Kxh7
30.Rh4 Nf5 31.Rf4 Rae8 32.g4 Nd4 33.g5 Kg8 34.Rh2 Re5 35.h7+ Kh8 36.Rxf7 b4
37.axb4 cxb4 38.Na2 Nf3+ 39.Rxf3 Rxd5+ 40.Rd3 cxd3 41.Nxb4 Rxg5 42.Nxd3 Rh5
43.Rxh5 gxh5 44.Nf4 Rb8 45.Nxh5 Rxb2 46.Nf6 Rb5 47.c4 Rf5 48.Ne4 d5 49.cxd5 Rxd5+
50.Ke3 Rf5 51.Kd4 Kxh7  1/2-1/2

[Event "Dortmund-B"]
[Site "Dortmund"]
[Date "1989.??.??"]
[Round "?"]
[White "Wahls, Matthias"]
[Black "Sznapik, Aleksander"]
[Result "1-0"]
[WhiteElo "2515"]
[BlackElo "2455"]

1.e4 g6 2.d4 Bg7 3.Nc3 d6 4.f4 a6 5.Nf3 b5 6.Bd3 Bb7 7.O-O Nd7 8.e5 c5 9.exd6 cxd4
10.Ne2 Qb6 11.a4 b4 12.dxe7 Nxe7 13.f5 O-O 14.fxg6 fxg6 15.Nf4 Nf5 16.Ng5 Ne5
17.a5 Qa7 18.Nge6 Ne3 19.Bxe3 dxe3 20.Be2 g5 21.Nh5 Rf2 22.Rxf2 exf2+ 23.Kh1 Qe3
24.Nhxg7 g4 25.Bf1 Nf3 26.Qe2 Qh6 27.h3 Rf8 28.Nxf8  1-0

[Event "Dortmund op"]
[Site "Dortmund"]
[Date "1989.??.??"]
[Round "11"]
[White "Halasz, Tamas"]
[Black "Garkov, Mitko"]
[Result "1-0"]
[WhiteElo "2400"]
[BlackElo "2415"]

1.d4 g6 2.e4 Bg7 3.Nc3 d6 4.f4 Nf6 5.Nf3 O-O 6.Be2 c5 7.dxc5 Qa5 8.O-O Qxc5+
9.Kh1 Nc6 10.Bd3 Nb4 11.Qe1 Nxd3 12.cxd3 Bd7 13.Be3 Qa5 14.Bd4 Qd8 15.Qh4 Bc6
16.Rae1 e6 17.f5 exf5 18.exf5 Nd7 19.Re7 Bxf3 20.Bxg7 Re8 21.fxg6 fxg6 22.Qc4+ d5
23.Rxe8+ Qxe8 24.Qd4 Be2 25.Bh6  1-0

[Event "Edinburgh op"]
[Site "Edinburgh"]
[Date "1989.??.??"]
[Round "?"]
[White "Holmes, Donald A"]
[Black "McNab, Colin Anderson"]
[Result "0-1"]
[WhiteElo "2315"]
[BlackElo "2435"]

1.e4 g6 2.d4 d6 3.Nc3 Bg7 4.f4 Nc6 5.Be3 Nf6 6.h3 O-O 7.g4 e5 8.dxe5 dxe5
9.f5 Nd4 10.Bg2 c5 11.Qd2 Qb6 12.O-O-O Rd8 13.Qf2 Qa5 14.Nge2 b5 15.g5 Nh5
16.Kb1 b4 17.Bxd4 exd4 18.Nd5 Rxd5 19.exd5 Bxf5 20.Nf4 c4 21.Rhe1 b3 22.axb3 Nxf4
23.Qxf4 cxb3 24.Be4 bxc2+ 25.Kxc2 d3+ 26.Bxd3 Rc8+  0-1

[Event "Edinburgh op"]
[Site "Edinburgh"]
[Date "1989.??.??"]
[Round "?"]
[White "Lalic, Susan"]
[Black "McNab, Colin Anderson"]
[Result "1/2-1/2"]
[WhiteElo "2310"]
[BlackElo "2435"]

1.e4 g6 2.d4 d6 3.Nc3 Bg7 4.Nf3 Nf6 5.Be2 O-O 6.O-O Bg4 7.Be3 Nc6 8.Qd2 e5
9.dxe5 dxe5 10.Rad1 Qc8 11.Qc1 Rd8 12.Rxd8+ Nxd8 13.h3 Bxf3 14.Bxf3 c6 15.Na4 b6
16.b3 Qc7 17.c3 Ne6 18.Rd1 Bf8 19.b4 b5 20.Nb2 a5 21.a3 c5 22.Nd3 c4 23.Ne1 axb4
24.axb4 Be7 25.Rd5 Rb8 26.Rd1 Qb7 27.Qb1 Qa6 28.Qc1 Ra8 29.g4 Qa3 30.Qc2 Rd8
31.Rxd8+ Bxd8 32.g5 Nd7 33.Bg4 Ndf8 34.Nf3 Bc7 35.Kg2 Qa8 36.h4 Qc6 37.Nh2 Bb6
38.Bxe6 Nxe6 39.Ng4 Bxe3 40.fxe3 Kg7 41.Nxe5  1/2-1/2

[Event "Espoo zt"]
[Site "Espoo"]
[Date "1989.??.??"]
[Round "?"]
[White "Wedberg, Tom"]
[Black "Schussler, Harry"]
[Result "1-0"]
[WhiteElo "2515"]
[BlackElo "2540"]

1.e4 g6 2.d4 Bg7 3.Nc3 d6 4.Nf3 Nf6 5.Be2 O-O 6.O-O e5 7.dxe5 dxe5 8.Qxd8 Rxd8
9.Bc4 Nc6 10.Bg5 Re8 11.Bb5 a6 12.Bxc6 bxc6 13.Nd2 Nd7 14.Nb3 Nf8 15.Rfd1 Ne6
16.Be3 Rb8 17.Rab1 Bb7 18.Na4 Bf8 19.f3 Red8 20.Kf2 Bd6 21.Nac5 Bc8 22.Nxe6 Bxe6
23.Na5 Bd7 24.Nc4 Be6 25.Na5 Bd7 26.b3 f6 27.Nc4 Be6 28.Na5 Bd7 29.Nc4 Be6
30.Nb2 Kf7 31.Rd3 Bb4 32.Rbd1 Ke7 33.Na4 Bd6 34.c4 Ke8 35.Ba7 Ra8 36.Bc5 Ke7
37.Bxd6+ cxd6 38.c5 d5 39.Nb6 dxe4 40.Rd6 Rab8 41.fxe4 a5 42.Ke3 f5 43.g3 Rxd6
44.cxd6+ Kd8 45.Na4 Rb5 46.Rc1 fxe4 47.Rxc6 Kd7 48.Rc5 Rb8 49.Rxe5 Kxd6 50.Rxa5 Rc8
51.Kd4 Rc2 52.Nc5 Rd2+ 53.Ke3 Rxh2 54.Nxe4+ Kc7 55.Ng5 Bf5 56.b4 Rb2 57.a3 h6
58.Nf7 h5 59.Rc5+ Kb6 60.Rc3 Ra2 61.Nd6 Rc2 62.Rc5 Ra2 63.Nc4+ Kb7 64.b5 Be6
65.Nd6+ Kb8 66.b6 Rxa3+ 67.Kd4 Rb3 68.b7 Ka7 69.Ke5  1-0

[Event "FIN-chT"]
[Site "?"]
[Date "1989.??.??"]
[Round "?"]
[White "Havansi, Erkki ET"]
[Black "Kivisto, Mikko"]
[Result "1-0"]
[WhiteElo "2275"]
[BlackElo "2270"]

1.e4 d6 2.d4 g6 3.Nc3 Bg7 4.Be3 c6 5.a4 Nf6 6.h3 O-O 7.Nge2 e5 8.g4 d5 9.exd5 Nxd5
10.Nxd5 Qxd5 11.Rg1 exd4 12.Bxd4 Qa5+ 13.Qd2 Qxd2+ 14.Kxd2 Rd8 15.Ke3 Re8+
16.Kf3 Bf8 17.Nc3 Be6 18.Bd3 c5 19.Be3 Nc6 20.Kg2 b6 21.Rad1 Bg7 22.Bb5 Rec8
23.Ba6 Rc7 24.Bf4 Rd7 25.Rxd7 Bxd7 26.Bb7 Re8 27.Rd1 Nd4 28.a5 b5 29.Ne4 Bc8
30.a6 Be6 31.c3 Ne2 32.Be3 b4 33.cxb4 cxb4 34.Rd2 f5 35.Nd6 Rd8 36.Bxa7 Nf4+
37.Kf3 fxg4+ 38.hxg4 h5 39.gxh5 gxh5 40.Be3 Rf8 41.Ke4 h4 42.a7 h3 43.Bxf4  1-0

[Event "FRA-ch"]
[Site "?"]
[Date "1989.??.??"]
[Round "?"]
[White "Birmingham, Eric"]
[Black "Seret, Jean Luc"]
[Result "1/2-1/2"]
[WhiteElo "2365"]
[BlackElo "2380"]

1.e4 g6 2.d4 Bg7 3.Nc3 d6 4.Nf3 Nf6 5.h3 O-O 6.Be3 a6 7.a4 b6 8.Qd2 Bb7 9.Bd3 c5
10.O-O cxd4 11.Nxd4  1/2-1/2

[Event "FRA-chT"]
[Site "?"]
[Date "1989.??.??"]
[Round "?"]
[White "Mariette, Christian"]
[Black "Collet, B."]
[Result "0-1"]
[WhiteElo "1990"]
[BlackElo "2010"]

1.d4 d6 2.e4 g6 3.Nc3 Bg7 4.f4 e6 5.Nf3 Ne7 6.Be3 b6 7.Qd2 Bb7 8.O-O-O Nd7
9.Bd3 d5 10.e5 c6 11.g4 Qc7 12.f5 gxf5 13.gxf5 exf5 14.Rhg1 Rg8 15.Bf4 Qd8
16.Nh4 Nf8 17.Bxf5 Bc8 18.Bg5 Be6 19.Bxe6 fxe6 20.Bf6 Bxf6 21.exf6 Rxg1 22.Rxg1 Neg6
23.Nxg6 Nxg6 24.Rf1 Kf7 25.Qe2 h5 26.Qxh5 Qh8 27.Qe2 b5 28.Nd1 Qh4 29.c3 Rh8
30.Rf2 Rh5 31.Qf1 Qe4 32.b3 a6 33.Kb2 Rh4 34.Re2 Qd3 35.Rf2 Qe4 36.Re2 Qd3
37.Rf2 Qxf1 38.Rxf1 Rxh2+ 39.Ka3 a5 40.Ne3 Rh4 41.Ng2 Rg4 42.Rf2 Rg5 43.Ne3 Rg3
44.Nd1 Rd3 45.Rf1 Nf8 46.Kb2 Rd2+ 47.Kb1 b4 48.cxb4 axb4 49.Ne3 Rxd4 50.Rc1 Re4
51.Ng2 Rg4 52.Ne3 Rg3 53.Nc2 c5 54.Kb2 Rg2 55.Kb1 Nd7 56.Nxb4 cxb4 57.Rc7 Kxf6
58.Rxd7 Rg7 59.Rd8 Rb7 60.Kb2 Ke5 61.Rc8 d4 62.Kc2 Ke4 63.Kd2 e5 64.Rh8 Ra7
65.Rh4+ Kd5 66.Kd3 Rg7 67.Rh2 e4+ 68.Kd2 d3 69.Ke1 e3  0-1

[Event "FRA-chT"]
[Site "?"]
[Date "1989.??.??"]
[Round "?"]
[White "Apicella, Manuel"]
[Black "Gueneau, Christophe"]
[Result "1-0"]
[WhiteElo "2400"]
[BlackElo "2260"]

1.e4 g6 2.d4 d6 3.Nc3 Bg7 4.Be2 Nf6 5.Nf3 O-O 6.Bg5 h6 7.Bf4 Na6 8.Qd2 Kh7
9.O-O c5 10.d5 Nc7 11.Rfe1 a6 12.a4 b6 13.Rad1 Bb7 14.h3 Rb8 15.e5 Nfxd5
16.exd6 Nxf4 17.Qxf4 Ne6 18.Qg3 Nd4 19.Nxd4 cxd4 20.dxe7 Qxe7 21.Bd3 Qb4
22.Ne4 Rbe8 23.Qd6 Qxa4 24.Qxb6 Bxe4 25.Rxe4 Rxe4 26.Bxe4 a5 27.Re1 Qb4 28.Qxb4 axb4
29.Bd3 Bf6 30.Ra1 Re8 31.Kf1 Re7 32.Ra6 Kg7 33.Rb6 Bg5 34.g3 Bd2 35.Rd6 Bc1
36.Rxd4 b3 37.cxb3 Bxb2 38.Ra4 Bc3 39.b4 Rd7 40.Bc4 Re7 41.b5 Re1+ 42.Kg2 Ra1
43.Ba2 Bd4 44.Rxd4 Rxa2 45.Rb4 Ra7 46.b6 Rb7 47.Kf3 Kf6 48.Ke4 Ke6 49.f4 h5
50.Rb1 Kd6 51.f5 g5 52.f6 Ke6 53.Rb5 Kxf6 54.Kd5  1-0

[Event "FRA-chT"]
[Site "?"]
[Date "1989.??.??"]
[Round "?"]
[White "Mandarin, Vitomir"]
[Black "Dussol, Pierre"]
[Result "1/2-1/2"]
[WhiteElo "2130"]
[BlackElo "2230"]

1.e4 g6 2.d4 Bg7 3.Nc3 d6 4.Nf3 Nf6 5.Bg5 c6 6.Qd2 O-O 7.h3 b5 8.Bd3 Nbd7
9.Ne2 e5 10.c3 a6 11.Ng3 c5 12.O-O Bb7 13.Bh6 Re8 14.Bxg7 Kxg7 15.d5 c4 16.Bc2 Nc5
17.Qg5 Ng8 18.Qd2 h5 19.Ng5 h4 20.Nh1 f6 21.Nf3 g5 22.g3 Bc8 23.Kh2 Ne7 24.g4 Ng6
25.Ng1 Nf4 26.f3 Bd7 27.Nf2 Qb6 28.Nd1 a5 29.Ne3 Rec8 30.Ne2 Rab8 31.Nxf4 exf4
32.Nf5+ Bxf5 33.exf5 Nd7 34.Rfe1 Ne5 35.Kg2 b4 36.Rab1 b3 37.axb3 cxb3 38.Bd3 Qc5
39.Bf1 Ra8 40.Ra1 a4 41.Ra3 Ra5 42.Re4 Qxd5 43.Qxd5 Rxd5 44.Raxa4 Rd2+ 45.Re2 Rd1
46.Rf2 Rc7 47.Rb4 Ra7 48.Rxb3 Raa1 49.Rb7+ Kf8 50.b3 Rac1 51.Ra2 Ra1 52.Rxa1 Rxa1
53.Bc4 Ra2+ 54.Kf1 Nxf3 55.Rf7+ Ke8 56.Rxf6 Nd2+ 57.Ke1 f3 58.Bb5+ Ke7 59.Re6+ Kf7
60.Be8+ Kf8 61.f6 Nxb3 62.Bg6 Re2+ 63.Rxe2 fxe2 64.Kxe2 Nc5 65.Ke3 Ne6 66.Bd3 Nf4
67.Bf1 Kf7 68.c4 Kxf6 69.Ke4 Ke6 70.Kd4 Ke7 71.c5 Ne6+ 72.Ke4 dxc5 73.Kf5 Kd6
74.Bc4 Nf4  1/2-1/2

[Event "FRA-chT"]
[Site "?"]
[Date "1989.??.??"]
[Round "?"]
[White "Richard, Alain"]
[Black "Seret, Jean Luc"]
[Result "1/2-1/2"]
[WhiteElo "2220"]
[BlackElo "2370"]

1.e4 g6 2.d4 Bg7 3.Nc3 d6 4.f4 Nf6 5.Nf3 O-O 6.Bd3 Nc6 7.O-O e5 8.dxe5 dxe5
9.f5 gxf5 10.exf5 e4  1/2-1/2

[Event "FRA-chT"]
[Site "?"]
[Date "1989.??.??"]
[Round "?"]
[White "Capaces, Francois"]
[Black "Dussol, Pierre"]
[Result "1/2-1/2"]
[WhiteElo "2000"]
[BlackElo "2230"]

1.e4 g6 2.d4 Bg7 3.Nc3 d6 4.f4 Nf6 5.e5 dxe5 6.dxe5 Qxd1+ 7.Kxd1 Ng4 8.Ke1 O-O
9.Nd5 Nc6 10.Bb5 e6 11.Nxc7 Rb8 12.Be2 Nd4 13.Bd1 Nh6 14.c3 Nc6 15.Nb5 f6
16.exf6 Bxf6 17.Nf3 Nf5 18.Kf2 a6 19.Na3 e5 20.Re1 Nd6 21.fxe5 Nxe5 22.Kg1 Nd3
23.Bh6 Nxe1 24.Bb3+ Nf7 25.Rxe1 b5 26.Bxf8 Kxf8 27.Nc2 Bg4 28.Ncd4 Rb6 29.Re4 Bd7
30.h3 Nd6 31.Re2 Nf5 32.Nxf5 Bxf5 33.Nd4 Bd7 34.Re4 a5 35.a3 Rd6 36.Kf2 h6
37.Ke2 Bg5 38.Ba2 Bc1 39.b4 a4 40.Re5 Rb6 41.Kd1 Bxa3 42.Ne6+ Bxe6 43.Rxe6 Rxe6
44.Bxe6 Ke7 45.Bd5 Kd7  1/2-1/2